000 01275cam a2200253 a 4500
001 000002823
005 20200929150250.0
008 740725s1979 mx 001 0 spa
020 _a9683500005
040 _aDO-SdBNP
_cPBm
_dDLC
082 _a980.001
_bZ41p
100 1 _aZea, Leopoldo,
_d1912-2004
_98934
245 1 0 _aPrecursores del pensamiento latinoamericano contemporáneo /
_cLeopoldo Zea.
260 _aMéxico :
_bDiana,
_c1979.
300 _a260 p. ;
_c16 cm.
490 1 _aSepSetentas,
_v14
505 0 _aNuestros indios, Manuel González Prada.--Nuestra América, José Martí.--Ariel, José E. Rodó.--La raza cosmica, José Vasconcelos.--El problema social y político, Antonio Caso.--La utopía de América, Pedro Henríquez Ureña.--Notas sobre la inteligencia americana, Alfonso Reyes.--Aislamiento, Ezequiel Martínez Estrada.--Regionalismo y centralismo, José Carlos. Mariátegui.--Conocimiento y expresión de la Argentina, Eduardo Mallea.
650 4 _aFilosofía latinoamericana
_xHistoria
_91121
650 4 _aFilosofía latinoamericana
_9471
650 4 _aEnsayo latinoamericano
_98935
650 4 _aEscritores hispanoamericanos
_ySIGLO XIX
_xPensamiento social
_98936
830 0 _aSepSetentas,
_v14
_98937
910 _aCatalogación por copia / LC
999 _c2657
_d2657